| 000 | 00400nam a2200169Ia 4500 | ||
|---|---|---|---|
| 008 | 230524s9999 xx 000 0 und d | ||
| 020 | _a8121922410 | ||
| 082 |
_a621.3821 _bVEN |
||
| 100 | _aS.K.Venkatram | ||
| 245 | 0 | _aDigital Communication | |
| 250 | _a1ST | ||
| 260 |
_aNEW DELHI _bS.Chand _c2004 |
||
| 300 | _aVIII;456 | ||
| 500 | _aQuantity Number: 2 | ||
| 650 | _aElectronics | ||
| 942 | _cBK | ||
| 999 |
_c7230 _d7230 |
||